000 00477nam a22001817a 4500
003 CEME
005 20210628203147.0
008 210119b xxu||||| |||| 00| 0 eng d
020 _a81-87336-91-9
040 _cceme
082 _a515.5 SPE
100 _aSingh, U.P , Denis, R.Y
_963690
245 _aSpecial functions and their applications
260 _aNEW DELHI
_bDOMINANT PUBLISHER
_c2001
300 _a191 P
650 _aSPECIAL FUNCTIONS.
_963691
942 _cBK
_2ddc
999 _c572431
_d572431